LEADER 03961nam 2200637Ia 450 001 9910450611903321 005 20200520144314.0 010 $a1-280-92950-2 010 $a9786610929504 010 $a1-84642-544-1 035 $a(CKB)1000000000338031 035 $a(EBL)290957 035 $a(OCoLC)476048222 035 $a(SSID)ssj0000193600 035 $a(PQKBManifestationID)11937222 035 $a(PQKBTitleCode)TC0000193600 035 $a(PQKBWorkID)10219888 035 $a(PQKB)10980738 035 $a(MiAaPQ)EBC290957 035 $a(Au-PeEL)EBL290957 035 $a(CaPaEBR)ebr10182482 035 $a(CaONFJC)MIL92950 035 $a(OCoLC)437178188 035 $a(EXLCZ)991000000000338031 100 $a20060615d2006 uy 0 101 0 $aeng 135 $aur|n|---||||| 181 $ctxt 182 $cc 183 $acr 200 10$aLiving with dyspraxia$b[electronic resource] $ea guide for adults with developmental dyspraxia /$fMary Colley ; foreword by Victoria Biggs ; introduction by Amanda Kirby 205 $aRev. ed. 210 $aLondon ;$aPhiladelphia $cJessica Kingsley Publishers$d2006 215 $a1 online resource (170 p.) 300 $aIncludes index. 311 $a1-84310-452-0 320 $aIncludes bibliographical references and index. 327 $aCOVER; LIVING WITH DYSPRAXIA; CONTENTS; FOREWORD BY VICTORIA BIGGS; ACKNOWLEDGEMENTS; INTRODUCTION BY DR AMANDA KIRBY; 1. What is Developmental Dyspraxia?; A definition of dyspraxia; What causes dyspraxia?; Who is affected by dyspraxia?; What are the symptoms of dyspraxia?; Associated conditions; So...do you have dyspraxia?; 2. Assessment, Diagnosis and Treatment; First steps; What to do when you first seek assessment; Who can assess for dyspraxia?; What happens after assessment and diagnosis?; Treatment and intervention; Other treatments and interventions; 3. Relaxation, Sports and Exercise 327 $aRelax!Complementary therapies; Sports and exercise; Relaxing hobbies; 4. Communications and Relationships; Conversations and discussions; Personal and sexual relationships; Taking responsibility; Helping yourself; Helping yourself; 5. Organising Yourself; Personal care and hygiene; Clothes; Budgeting and shopping; Written presentation; Eating, drinking and parties; Travelling; 6. Organising Your Home; Organising your time; Clearing the clutter; Washing dishes and clothes; Cooking; Sewing and craftwork; Do-it-yourself; Gardening; 7. Studying with Dyspraxia; Finding the right place 327 $aDisabled Students AllowanceGetting started - How your college might help; Organise your studies; 8. Dyspraxia at Work; Jobs and careers - Getting started; Disability Discrimination Act; Trade unions; How to cope in theworkplace; 9. Four Adults with Dyspraxia; Jean; Martin; Judith; Janet; APPENDIX 1 CLAIMING BENEFITS; APPENDIX 2 INDEPENDENT LIVING AND COMMUNITY CARE; APPENDIX 3 ASSESSMENT FOR ADULTS WITH DEVELOPMENTAL DYSPRAXIA; APPENDIX 4 INTERNATIONAL DYSPRAXIA CENTRES; APPENDIX 5 ADULT DEVELOPMENTAL DYSPRAXIA (DCD) QUESTIONNAIRE; APPENDIX 6 THE MAKE-UP OF NEURO-DIVERSITY 327 $aDANDA: DEVELOPMENTAL ADULTNEURO-DIVERSITY ASSOCIATIONINDEX 330 $aThis book was written to help all adults with Dyspraxia tackle the everyday situations that many people take for granted. It is full of practical advice on everything from getting a diagnosis to learning how to manage household chores. Topics addressed include self-esteem and how Dyspraxia often interacts with other conditions. 606 $aApraxia$vPopular works 606 $aPsychomotor disorders 608 $aElectronic books. 615 0$aApraxia 615 0$aPsychomotor disorders. 676 $a616.85/52 700 $aColley$b Mary$0926921 801 0$bMiAaPQ 801 1$bMiAaPQ 801 2$bMiAaPQ 906 $aBOOK 912 $a9910450611903321 996 $aLiving with dyspraxia$92082456 997 $aUNINA LEADER 02849nam 2200661 a 450 001 9910458910303321 005 20200520144314.0 010 $a3-8366-0266-0 035 $a(CKB)2670000000058498 035 $a(EBL)612230 035 $a(OCoLC)689997586 035 $a(SSID)ssj0000660857 035 $a(PQKBManifestationID)12247184 035 $a(PQKBTitleCode)TC0000660857 035 $a(PQKBWorkID)10707379 035 $a(PQKB)10496724 035 $a(SSID)ssj0000788250 035 $a(PQKBManifestationID)11499551 035 $a(PQKBTitleCode)TC0000788250 035 $a(PQKBWorkID)10823418 035 $a(PQKB)21433629 035 $a(MiAaPQ)EBC612230 035 $a(WaSeSS)Ind00047890 035 $a(Au-PeEL)EBL612230 035 $a(CaPaEBR)ebr10607812 035 $a(EXLCZ)992670000000058498 100 $a20121008d2007 uy 0 101 0 $ager 135 $aur|n|---||||| 181 $ctxt 182 $cc 183 $acr 200 10$aAnalyse von Entscheidungsprozessen fu?r Kurzurlaube$b[electronic resource] /$fSiegmar Leonard Seidl 210 $aHamburg $cDiplomica Verlag$d2007 215 $a1 online resource (155 p.) 225 0 $aDiplomarbeit 300 $aTitle from cover. 311 $a3-8366-5266-8 320 $aIncludes bibliographical references. 327 $aAnalyse von Entscheidungsprozessen fu?r Kurzurlaube; Abstract; Inhaltsverzeichnis; 1 Einleitung; 2 Kurzurlaube; 3 Entscheidungsprozess; 4 Die Reiseentscheidung; 5 Individuelle Einflussfaktoren; 6 Interpersonelle und externe Faktoren; 7 Teilentscheidungen; 8 Empirische Erhebung; 9 Ergebnisse der empirischen Erhebung; 10 Implikationen und Zusammenfassung; Literaturverzeichnis; Anhang 330 $aHauptbeschreibungZielsetzung der vorliegenden Diplomarbeit ist es den individuellen Entscheidungsprozess eines Sta?dtekurzreisenden zu analysieren. Hierfu?r werden im theoretischen Teil der Arbeit die wesentlichen individuellen, interpersonellen und externen Einflussfaktoren, die den Entscheidungsprozess wesentlich bestimmen, untersucht. Ferner werden die wichtigsten Teilentscheidungen, die fu?r einen Sta?dtekurzurlaub getroffen werden mu?ssen, dargestellt. Der empirische Teil der Arbeit wendet sich hierfu?r einem speziellen Aspekt dieser Teilentscheidungen zu, namentlich der Bewertung vo 410 0$aDiplomarbeit. 606 $aDecision making 606 $aHolidays 606 $aVacations 608 $aElectronic books. 615 0$aDecision making. 615 0$aHolidays. 615 0$aVacations. 676 $a658.4092 700 $aSeidl$b Siegmar Leonard$0889964 801 0$bMiAaPQ 801 1$bMiAaPQ 801 2$bMiAaPQ 906 $aBOOK 912 $a9910458910303321 996 $aAnalyse von Entscheidungsprozessen fu?r Kurzurlaube$91988390 997 $aUNINA